LDR 00770naa#a2200181#i#450# 001 EN\\bibl\123422 005 20260706010722.1 011 ## _a1994-4683 100 ## _a20230731b2023####ek#y0engy0150####ca 102 ## _aRU 200 1# _aPARAMETERS OF HIGH-INTENSITY MOVEMENT ACTIVITY OF PROFESSIONAL SOCCER PLAYERS IN MATCHES BASED ON METABOLIC POWER _eJournal article 210 1# _aMoscow _cNational State University of Physical Education, Sports and Health named after P.F. Lesgaft _d2023 215 ## _a5 с. 608 ## _aJournal article _2local 675 ## _aСпортивная тренировка. Методика. Нагрузка. Спортивные результаты. 796.015 _z 700 #1 _aSuetin _gP S 700 #1 _aZakharova _gAnna Valer'evna 856 4# _auchzapiski.lesgaft.spb.ru _u